Scottish journal of political economy

Gespeichert in:
Bibliographische Detailangaben
Format: Schriftenreihe
Sprache:Englisch
Veröffentlicht: Glasgow University 1973
Tags: Tag hinzufügen
Keine Tags, Fügen Sie das erste Tag hinzu!

MARC

LEADER 00000nas2a2200000$$$4500
001 0019392
005 20250730114403.3
041 0 |a eng 
044 |a GB 
245 1 0 |a Scottish journal of political economy 
264 1 |a Glasgow  |b University  |c 1973 
300 |a 1 zv. 
773 0 |w eu_un_cat*0019391